000 01383cam a22002891i 4500
003 SA-RiAUC
005 20250101064739.0
008 241225s1960 sy g f00000 ara c
040 _aSA-RiAUC
_bara
_cSA-RiAUC
_erda
082 0 4 _a263.3
_qSA-RiAUC
090 _a263.3
_b غ ز ا
100 1 _aالغزالي، محمد بن محمد بن محمد،
_cحجة الإسلام،
_d450-505 هجري
_eمؤلف.
245 1 2 _aالمنقذ من الضلال والموصل إلى ذي العزة والجلال /
_cتأليف أبو حامد محمد بن محمد بن محمد الغزالي ؛ حققه وقدم له جميل صليبا، كامل عياد.
250 _aالطبعة السادسة.
264 1 _aدمشق :
_bمطبعة جامعة دمشق،
_c1960
300 _a126 صفحة ؛
_c24 سم
336 _aنص
_btxt
_2rdacontent
_3كتاب
337 _aبدون وسيط
_bn
_2rdamedia
338 _aمجلد
_bnc
_2rdacarrier
500 _aملاحظات من الشيخ الدكتور عبدالوهاب سليمان رحمه الله بداخل الكتاب
650 7 _aالتصوف الإسلامي
_2aucsh
650 7 _aالفلسفة الإسلامية
_2aucsh
700 1 _aصليبا، جميل،
_d1902-1976
_eمحقق.
700 1 _aعياد، كامل،
_d1901-1986
_eمحقق.
942 _2ddc
_cBOOK
_n0
949 _aSA-JeALM
_d241225
_umohamedma123
_n1
999 _c4228
_d4228